000 01045nam a2200241 i 4500
001 167617
003 ES-MaACL
005 20250824202554.0
008 981203s1873 sp fh |||| | spa d
040 _aCCPB | B
_bspa
_cCCPB | B
100 1 _aVillegas, Alonso de,
_d1534-ca. 1615
_9162930
245 1 0 _aComedia llamada selvagia /
_ccompuesto por Alonso de Villegas Selvago
_b. Comedia serafina / [anónimo].
246 1 0 _aComedia serafina
260 _aMadrid :
_b[s.n.],
_c1873 (
_fImp. y estereotipia de M. Rivadeneyra)
300 _aXVI, XIV, 402 p., [1] h. de lám. ;
_c18 cm.
490 1 _aColección de libros españoles raros o curiosos ;
_v5
597 _aPort. a dos tintas.
599 _aH. de lám.: reprod. facsímil de la port. de la ed. original de Comedia llamada selvagia.
650 4 _aComedias españolas-
_yS.XVI-XVII.
_9160272
830 0 0 _aColección de libros españoles raros o curiosos
_v5
_9187911
852 _aES-MaACL
_jR-2170-91
_z- Enc. hol.
_x- Olim: G-13954.
999 _c167617
_d167617